| 000 | 01648nam0a22003971 4500 | ||
|---|---|---|---|
| 001 | RU\NLR\A1SV\45446 | ||
| 005 | 20260406080741.0 | ||
| 035 | _a(NLR Aleph) 009727588 | ||
| 090 |
_a9897067 _c9897067 |
||
| 100 | _a20030203d1926 u y0rusy50 ca | ||
| 101 | 0 | _arus | |
| 102 | _aRU | ||
| 200 | 1 |
_aСтолетний путь моряков революционеров _e(Экскурсия в Рев. отд. Морск. музея) _fИ.В.Егоров _gС прил. очерка Т.И.Немчиновой "Мор. музей" |
|
| 210 |
_aЛ. _cРед.-изд. отд. воен.-мор. сил РККА _d1926 |
||
| 215 |
_a91 с. _cил., портр. _d17 см |
||
| 225 |
_aКомсофлот. б-чка _h2-я сер _iМоряки в рев. движении |
||
| 300 | _aСер. указана на обл. | ||
| 300 | _aНа обл. подзагол.: Путеводитель по Рев. отд. Морск. музея | ||
| 620 | _dСанкт-Петербург | ||
| 700 | 1 |
_7ca _8rus _aЕгоров _bИ. В. _cисторик, деятель в обл. просвещения _f1887-1971 _gИван Васильевич _9219111 _3RU\NLR\AUTH\770219167 |
|
| 702 | 1 |
_7ca _8rus _aНемчинова _bТ. И. _f1890-1974 _gТатьяна Иеронимовна _9209884 _3RU\NLR\AUTH\770209938 |
|
| 801 | 0 |
_aRU _bNLR _c20030203 |
|
| 852 |
_aNLR _j41/1297 |
||
| 852 |
_aNLR _j41/1297а |
||
| 899 | _aГПИБ | ||
| 899 | _aГОПБ | ||
| 899 | _aГАРФ | ||
| 899 | _aНБ Бел. | ||
| 899 | _aРГБ | ||
| 899 | _aРКП | ||
| 899 | _aNLG | ||
| 899 | _aСамОУНБ | ||
| 942 | _cBOOK | ||
| 980 | _aNB | ||
| 980 | _aA1SV | ||